=LDR 00000nam 2200000 4500 =001 INLIS000000000041271 =005 20130612150820 =008 ***********************************ind** =035 ##$$a0010-061300000041271 =041 ##$$a ind =082 ##$$a 334 =090 ##$$a 334, Sya =100 ##$$a Nurdin, E. Syarief =245 ##$$a Pegangan ekonomi =260 ##$$a 1986 $b Bandung =300 ##$$a 176 hlm, 21 cm =850 ##$$a NBPNMAT =990 ##$$a 21195086/BPAP-NTB/2014 =990 ##$$a 0001/BPAP-NTB/20142014